| 000 | 00419nam a2200181Ia 4500 | ||
|---|---|---|---|
| 001 | 10644 | ||
| 005 | 20260306161847.0 | ||
| 008 | 260306t1985||||xx |||||||||||||| ||spa|| | ||
| 041 | _aESP | ||
| 082 |
_a946.01 _bC95 |
||
| 100 |
_a[Autor no identificado] _eAUT |
||
| 245 | 0 | _aCuevas de España | |
| 260 | _c1985 | ||
| 300 |
_a308 páginas : _c26 cm. |
||
| 650 | _aGEN | ||
| 654 | _aCHU | ||
| 942 |
_cLIB _dJUS _fJUS _2ddc _n |
||
| 999 |
_c10644 _d10644 |
||